Deskriptívne ponímanie rozhodovacieho procesu

Súčasný pohľad na rozhodovanie. Analýza prístupu k rozhodovaniu z pohľadu deskriptívnych teórií.

Salvato in:
Dettagli Bibliografici
Autore principale: Jankelová, Nadežda, 1966-
Natura: Capitolo di libro
Lingua:slovacco
Soggetti:
Tags: Aggiungi Tag
Nessun Tag, puoi essere il primo ad aggiungerne!!

MARC

LEADER 00000naa a2200000 4500
001 0176361
005 20240502073015.7
041 0 |a slo 
044 |a SK 
245 1 0 |a Deskriptívne ponímanie rozhodovacieho procesu  |c Nadežda Jankelová 
520 |a Súčasný pohľad na rozhodovanie. Analýza prístupu k rozhodovaniu z pohľadu deskriptívnych teórií. 
610 2 0 |a procesy rozhodovacie 
610 2 0 |a manažéri 
610 2 0 |a rozhodovanie strategické 
610 2 0 |a psychológia 
610 2 0 |a logika 
610 2 0 |a teórie ekonomické 
610 2 0 |a ekonómia behaviorálna 
100 1 |a Jankelová, Nadežda, 1966-